000 02309nam a22002777a 4500
001 1393
005 20240627113717.0
020 _a9789995054335
040 _aFISKH
_beng
_cFISKH
_dFISKH
082 _a808.83
100 _aSamphors, Srey
245 _aសៀវភៅពណ៍មាស /​
_cនិពន្ធដោយ ស្រី សម្ផស្ស - គូររូបដោយ Eva Calonder
250 _aបោះពុម្ពលើកទី ១១​ ខែសីហា ឆ្នាំ​ ២០២២
260 _aPhnom Penh :
_bSipar,
_c2022.
300 _a36 pages :
_bcolor illustrations ;
_c24 cm
490 _aខ្ញុំចង់អាន
505 _aP
520 _aបុត្រជាកូនប្រុសទោលក្នុងគ្រួសារសេដ្ឋីស្ដុកស្ដម្ភមួយ ហើយជាក្មេងដែលទម្រើសបំផុត។ ថ្ងៃមួយឪពុករបស់បុត្របានទិញសៀវភៅពណ៍មាសពីដូនចាស់ម្នាក់ហើយចង់ឳ្យបុត្រអានសៀវភៅនោះឳ្យខ្លួនស្ដាប់ បុត្រក៏បានរៀបផែនការឳ្យរស់ដែលជាក្មេងប្រុសកើតក្នុងគ្រួសារក្រីក្រអានជំនួសគេហើយសរសេរសង្ខេបសៀវភៅនោះ ជាថ្នូរនឹងការឳ្យលុយ និងរបស់ញ៉ាំផ្សេងៗ​ទៅឳ្យរស់។
520 _aBot is the only son in a wealthy family and the juvenile delinquency boy. One day, his father bought a golden book from an old woman and wanted Bot to read it to him. He planned to make Rous as a boy born into a poor family, read in his place, and write a summary of the book in exchange for money and other yummy foods.
521 _a650
_bLexile estimate
521 _aP
_bRaz-Plus
650 _aក្មេងទម្រើស
_vសៀវភៅពណ៍មាស
_xអាន
_yសង្ខេប
650 _aJuvenile delinquency
_vGolden book
_xRead
_ySummary
700 _aCalonder, Eva
_cillustrator
942 _2ddc
_cBK
_n0
999 _c1393
_d1393